[Event "EIRCC 2019"]
[Site "Tallinn"]
[Date "2019.12.06"]
[Round "11.6"]
[White "Guseinov, Gadir"]
[Black "Usmanov, Vasily"]
[Result "1-0"]
[WhiteElo "2691"]
[BlackElo "2428"]
[Annotator "TA"]
[PlyCount "147"]
[EventDate "2019.12.05"]
[EventType "swiss"]
[EventCountry "EST"]
[SourceTitle "playchess.com"]
[Source "ChessBase"]
[SourceQuality "1"]

{[%evp 10,147,52,41,79,37,39,37,47,54,55,46,60,47,70,30,39,69,73,42,38,27,29,28,67,60,41,28,29,37,63,39,27,18,43,37,37,37,39,0,40,41,23,13,15,18,31,11,9,8,26,14,62,9,65,0,88,62,103,102,88,96,86,103,98,94,210,158,172,84,101,99,124,119,116,93,100,0,18,18,18,18,33,8,8,8,10,8,8,8,21,8,22,0,0,0,20,8,8,8,94,83,133,133,133,134,326,104,1061,1195,1083,955,1246,1190,29964,29959,5608,3488,5527,4333,29975,29976,29978,29978,29978,29978,29978,29978,29980,29981,29981,29982,29982,29983,29983,29984,29984,29985,29987,29982]} 1. e4 d5 2. exd5 Qxd5 3. Nc3 Qd8 4. d4 Nf6 5. Nf3 c6 6. Bc4 b5 {B01: Scandinavian Defence} 7. Bb3 e6 8. O-O (8. a4 b4 9. Ne2 Be7 10. a5 O-O 11. O-O Nbd7 12. Nf4 Ba6 13. Re1 c5 14. Ba2 {½-½ (75) Jones,G (2682)-Usmanov,V (2450) St Petersburg 2018}) 8... Be7 {White is slightly better.} 9. Ne5 O-O 10. Re1 a5 11. a3 Qb6 $146 ({Predecessor:} 11... Qc7 12. Qf3 Bb7 13. Qh3 b4 14. axb4 axb4 15. Rxa8 Bxa8 {1-0 (23) Makropoulou,M (2245)-Moldovan,C (2226) Braila 2009}) 12. Be3 Nd5 13. Nxd5 cxd5 14. c3 Nd7 15. Bc2 Nxe5 16. dxe5 Bc5 17. Qh5 {[%csl Gc2][%cal Rh5h7] [#]} g6 $1 {[%cal Rg6h5]} 18. Bxc5 Qxc5 19. Qh4 Ra7 20. Re3 Qe7 21. Qd4 f5 22. exf6 Qxf6 23. Re5 Raf7 {[%cal Rf6f2]} 24. Rf1 Qf4 25. Qxf4 Rxf4 26. g3 Rc4 27. Bd3 Rc5 28. h4 Bd7 29. h5 Kg7 30. f4 $36 {[%mdl 2048] White has the initiative.} Rcc8 31. Kf2 (31. Ra1 $14) 31... Kf6 (31... b4 $1 $11) 32. Rh1 (32. Rfe1 $14) 32... Rh8 (32... b4 $1 $11 {keeps the balance.}) 33. Rg5 Be8 34. hxg6 Bxg6 35. Bxb5 Rb8 36. a4 h6 37. Re5 Be8 (37... Bf5 $16) 38. Rhe1 Rb6 39. f5 (39. g4 $18 {has better winning chances.}) 39... Bxb5 $16 40. axb5 {Strongly threatening g4.} Rxb5 41. Rxe6+ {[%mdl 4096] Endgame KRR-KRR} Kg5 42. Kf3 {g4 would kill now.} h5 43. Rg6+ (43. R1e5 $16 {[%csl Gf5][%cal Re6g6]} Rg8 44. Ra6) 43... Kxf5 $11 44. Rge6 {[%csl Ge6][%cal Re1e5]} d4 $1 45. cxd4 Rb3+ 46. R1e3 {Black must now prevent R6e5+.} Rhb8 47. R6e5+ Kg6 48. Rxa5 Rf8+ 49. Ke4 Rxb2 50. Re5 Rd8 51. Rc5 Re8+ 52. Re5 Rd8 53. Re6+ Kg5 54. d5 Rd2 (54... Rb4+ $11 55. Ke5 Rb1) 55. Re5+ $16 Kg4 56. Rd3 Re2+ 57. Kd4 Rc2 $2 {[#]} (57... Rf2 $16 {is a better defense.} 58. Re4+ Kg5) 58. Re7 $2 (58. Ke3 $1 $18 {is the precise move to win.}) 58... Ra2 $2 {[%mdl 8192]} (58... Kg5 $16 59. Ree3 Rf2) 59. Rg7+ $18 Kh3 60. g4+ Kh4 61. gxh5 Ra4+ 62. Ke5 Re8+ 63. Kf5 Rf8+ 64. Kg6 Rg4+ 65. Kh7 {White mates.} Kxh5 66. Rxg4 Kxg4 {KR-KR} 67. Kg7 Rd8 68. Kf6 Kf4 69. d6 Ke4 70. Rd1 Rd7 71. Ke6 Rh7 72. d7 Rh6+ 73. Ke7 Rh7+ 74. Kd6 {Accuracy: White = 52%, Black = 39%.} 1-0

[Event "EIRCC 2019"]
[Site "Tallinn"]
[Date "2019.12.06"]
[Round "11.7"]
[White "Lobanov, Sergei"]
[Black "Andriasian, Zaven"]
[Result "0-1"]
[WhiteElo "2483"]
[BlackElo "2633"]
[Annotator "TA"]
[PlyCount "66"]
[EventDate "2019.12.05"]
[EventType "swiss"]
[EventCountry "EST"]
[SourceTitle "playchess.com"]
[Source "ChessBase"]
[SourceQuality "1"]

{[%evp 14,86,30,19,39,19,39,53,59,39,89,53,59,64,54,-2,6,-29,0,-16,-13,-39,-40,-28,-27,-43,-37,-78,-18,-71,-67,-73,-60,-61,-63,-71,-63,-65,-40,-169,-186,-213,-208,-254,-255,-267,-266,-308,-125,-102,-12,-4,0,-364,-264,-348,-355,-392,-14,-18,52,-426,-412,-583,-434,-454,-445,-415,-403,-394,-421,-655,-648,-567,-562]} 1. e4 c6 2. d4 d5 3. e5 Bf5 4. Nf3 e6 5. Be2 Ne7 6. c3 h6 7. O-O Nd7 8. Na3 {[%cal Bb1a3,Ba3c2,Bc2e3][%mdl 32]} Qc7 {B12: Caro-Kann: Advance Variation} 9. Nc2 (9. b3 g5 10. c4 a6 11. Nc2 dxc4 12. bxc4 O-O-O 13. Bb2 Bg7 14. Qc1 c5 15. d5 exd5 16. cxd5 Nxd5 {½-½ (51) Sevian,S (2624)-Le,Q (2728) Philadelphia 2018}) 9... g5 10. Ne3 Bg6 $146 {White is slightly better.} ({Predecessor:} 10... Be4 11. a4 a6 12. b4 Bg7 13. a5 O-O-O 14. Re1 Kb8 15. Bb2 Bh7 16. Bd3 Bxd3 17. Qxd3 {½-½ (33) Soldano,G-De la Calle,I (2372) ICCF email 2010}) 11. h4 f6 {[%cal Rf6e5]} 12. exf6 Nxf6 13. Ne5 O-O-O 14. h5 ({White should play} 14. N3g4 $14 Bg7 15. Nxh6 (15. hxg5 Nxg4 16. Nxg4 hxg5 $11)) 14... Be8 $1 $11 15. Bd2 Bg7 16. Be1 Nd7 17. Nxd7 Bxd7 18. Qd3 e5 19. dxe5 Bxe5 20. Bg4 Kb8 ({Black should try} 20... Rhf8 $17) 21. Bd2 (21. f3 $1 $11 {keeps the balance.}) 21... Rhf8 22. Rae1 Bh2+ 23. Kh1 {Threatens to win with Bxd7.} Bf4 24. Bxd7 Qxd7 25. Kg1 Ng8 26. g3 ({Better is} 26. Nc2 $15) 26... Bc7 $19 27. c4 d4 28. Bb4 Rf7 $1 29. Nc2 Nf6 30. Kg2 Nxh5 (30... c5 $19 31. Bd2 Rdf8) 31. Re4 $17 {[%cal Re4d4] [#]} Qf5 (31... Rf4 $1 $17 {[%mdl 512]} 32. Rfe1 (32. gxf4 $2 Qg4+ {[%mdl 64] Double Attack} 33. Qg3 Nxg3 $19) 32... Qg4) 32. Nxd4 $11 Qg6 {And now ...Nf4+! would win.} 33. Qc2 $2 {[%mdl 8192] [#]} (33. Rfe1 $11 {and White has nothing to worry.}) 33... Nf4+ {Played: Bc7xg3} 0-1

[Event "EIRCC 2019"]
[Site "Tallinn"]
[Date "2019.12.06"]
[Round "11.8"]
[White "Riazantsev, Alexander"]
[Black "Sebenik, Matej"]
[Result "1-0"]
[WhiteElo "2594"]
[BlackElo "2504"]
[Annotator "ChessBase"]
[PlyCount "47"]
[EventDate "2019.12.05"]
[EventType "swiss"]
[EventCountry "EST"]
[SourceTitle "playchess.com"]
[Source "ChessBase"]
[SourceQuality "1"]
[TimeControl "900+10"]

1. d4 {[%emt 0:00:00]} Nf6 {[%emt 0:00:00]} 2. c4 {[%emt 0:00:00]} e6 {[%emt 0:00:00]} 3. Nf3 {[%emt 0:00:00]} d5 {[%emt 0:00:00]} 4. Bg5 {[%emt 0:00:00]} Be7 {[%emt 0:00:00]} 5. e3 {[%emt 0:00:00]} h6 {[%emt 0:00:18]} 6. Bxf6 {[%emt 0:00:00]} Bxf6 {[%emt 0:00:01]} 7. Qc2 {[%emt 0:00:01]} O-O {[%emt 0:01:09]} 8. h4 {[%emt 0:00:09]} g6 {[%emt 0:00:55]} 9. g4 {[%emt 0:00:07]} Bg7 {[%emt 0:00:02]} 10. g5 {[%emt 0:00:13]} h5 {[%emt 0:00:18]} 11. Nc3 {[%emt 0:00:01]} c5 {[%emt 0:00:15]} 12. dxc5 {[%emt 0:00:25]} Na6 {[%emt 0:00:03]} 13. cxd5 {[%emt 0:01:37]} Nxc5 {[%emt 0:00:07]} 14. O-O-O {[%emt 0:03:50]} Qa5 {[%emt 0:00:21]} 15. Nd4 {[%emt 0:00:01]} exd5 {[%emt 0:00:44]} 16. Nxd5 {[%emt 0:00:17]} Bg4 {[%emt 0:05:07]} 17. f3 {[%emt 0:00:01]} Bxf3 {[%emt 0:00:01]} 18. Nxf3 {[%emt 0:01:04]} Qxa2 {[%emt 0:00:02]} 19. Bc4 {[%emt 0:00:17]} Bxb2+ {[%emt 0:02:03]} 20. Kd2 {[%emt 0:02:37]} Qa5+ {[%emt 0:03:23]} 21. Ke2 {[%emt 0:00:01]} Bg7 {[%emt 0:00:02]} 22. Ne7+ {[%emt 0:01:09]} Kh8 {[%emt 0:00:10]} 23. Nxg6+ {[%emt 0:00:13]} fxg6 {[%emt 0:00:01]} 24. Qxg6 {[%emt 0:00:02]} 1-0

[Event "EIRCC 2019"]
[Site "Tallinn"]
[Date "2019.12.06"]
[Round "11.9"]
[White "Studer, Noel"]
[Black "Aleksandrov, Aleksej"]
[Result "1/2-1/2"]
[WhiteElo "2405"]
[BlackElo "2576"]
[Annotator "RC"]
[PlyCount "103"]
[EventDate "2019.12.05"]
[EventType "swiss"]
[EventCountry "EST"]
[SourceTitle "playchess.com"]
[Source "ChessBase"]
[SourceQuality "1"]
[TimeControl "900+10"]

1. d4 {[%emt 0:00:00]} Nf6 {[%emt 0:00:06]} 2. c4 {[%emt 0:00:00]} e6 {[%emt 0:00:01]} 3. Nf3 {[%emt 0:00:00]} d5 {[%emt 0:00:01]} 4. g3 {[%emt 0:00:00]} Be7 {[%emt 0:00:08]} 5. Bg2 {[%emt 0:00:00]} O-O {[%emt 0:00:02]} 6. Qb3 {[%emt 0:00:08]} c5 {[%emt 0:01:05]} 7. cxd5 {[%emt 0:00:03]} exd5 {[%emt 0:00:02]} 8. dxc5 {[%emt 0:00:01]} Nbd7 {[%emt 0:00:22]} 9. O-O {[%emt 0:00:02]} Nxc5 {[%emt 0:00:02]} 10. Qd1 {[%emt 0:00:01]} Bf5 {[%emt 0:01:07]} 11. Be3 {[%emt 0:00:29]} Qd7 {[%emt 0:00:34]} 12. Nc3 {[%emt 0:00:13]} Rfd8 {[%emt 0:00:25]} 13. Rc1 {[%emt 0:00:30]} Rac8 {[%emt 0:00:02]} 14. Bd4 {[%emt 0:00:02]} a6 {[%emt 0:00:39]} 15. a3 {[%emt 0:00:53]} h6 {[%emt 0:01:11]} 16. b4 {[%emt 0:01:22]} Nce4 {[%emt 0:00:06]} 17. Qb3 {[%emt 0:00:08]} Nxc3 {[%emt 0:03:39]} 18. Bxc3 {[%emt 0:00:33]} Ne4 {[%emt 0:00:09]} 19. Bd4 {[%emt 0:00:17]} Qe6 {[%emt 0:01:00]} 20. Qb2 {[%emt 0:00:03]} Bf8 {[%emt 0:00:02]} 21. Rfd1 {[%emt 0:00:15]} Nd6 {[%emt 0:01:14]} 22. Qa2 {[%emt 0:03:47]} Rxc1 {[%emt 0:01:10]} 23. Rxc1 {[%emt 0:00:01]} Rc8 {[%emt 0:00:02]} 24. Rxc8 {[%emt 0:00:26]} Qxc8 {[%emt 0:00:01]} 25. Bc5 {[%emt 0:00:26]} Ne4 {[%emt 0:02:19]} 26. Be3 {[%emt 0:00:23]} Qc3 {[%emt 0:00:27]} 27. h4 {[%emt 0:00:47]} Nxg3 {[%emt 0:00:44]} 28. Bf4 {[%emt 0:01:16]} Nh5 {[%emt 0:00:26]} 29. Bd2 {[%emt 0:00:01]} Qc2 {[%emt 0:01:08]} 30. Qxd5 {[%emt 0:01:09]} Nf6 {[%emt 0:00:02]} 31. Qe5 {[%emt 0:01:48]} Be4 {[%emt 0:01:19]} 32. Qf4 {[%emt 0:02:53]} Qd1+ {[%emt 0:00:21]} 33. Bf1 {[%emt 0:00:05]} Bd5 {[%emt 0:00:07]} 34. Be3 {[%emt 0:01:31]} Ne4 {[%emt 0:00:10]} 35. Nd4 {[%emt 0:00:18]} Nc3 {[%emt 0:00:11]} 36. f3 {[%emt 0:00:23]} Qa1 {[%emt 0:00:06]} 37. Bc1 {[%emt 0:00:26]} Bc4 {[%emt 0:00:15]} 38. Qd2 {[%emt 0:00:17]} Nd5 {[%emt 0:00:13]} 39. Bb2 {[%emt 0:00:11]} Qa2 {[%emt 0:00:05]} 40. Nf5 {[%emt 0:00:09]} a5 {[%emt 0:00:12]} 41. Qd4 {[%emt 0:00:05]} f6 {[%emt 0:00:04]} 42. bxa5 {[%emt 0:00:22]} Ba6 {[%emt 0:00:06]} 43. Kg2 {[%emt 0:00:10]} Nf4+ {[%emt 0:00:04]} 44. Qxf4 {[%emt 0:00:07]} Qxb2 {[%emt 0:00:01]} 45. Qg4 {[%emt 0:00:04]} Bxe2 {[%emt 0:00:07]} 46. Nxh6+ {[%emt 0:00:09]} Kh7 {[%emt 0:00:00]} 47. Nf5 {[%emt 0:00:09]} Bd3+ {[%emt 0:00:12]} 48. Kg1 {[%emt 0:00:06]} Qc1 {[%emt 0:00:01]} 49. Qh5+ {[%emt 0:00:03]} Kg8 {[%emt 0:00:00]} 50. Nh6+ {[%emt 0:00:02]} gxh6 {[%emt 0:00:02]} 51. Qd5+ {[%emt 0:00:01]} Kh8 {[%emt 0:00:24]} 52. Qxd3 {[%emt 0:00:05]} 1/2-1/2

[Event "EIRCC 2019"]
[Site "Tallinn"]
[Date "2019.12.06"]
[Round "11.10"]
[White "Sipila, Vilka"]
[Black "Ruck, Robert"]
[Result "1-0"]
[WhiteElo "2380"]
[BlackElo "2551"]
[Annotator "ChessBase"]
[PlyCount "107"]
[EventDate "2019.12.05"]
[EventType "swiss"]
[EventCountry "EST"]
[SourceTitle "playchess.com"]
[Source "ChessBase"]
[SourceQuality "1"]
[TimeControl "900+10"]

1. e4 {[%emt 0:01:53]} c6 {[%emt 0:00:00]} 2. d4 {[%emt 0:00:03]} d5 {[%emt 0:00:00]} 3. e5 {[%emt 0:00:04]} Bf5 {[%emt 0:00:01]} 4. Nf3 {[%emt 0:00:02]} e6 {[%emt 0:00:03]} 5. Be2 {[%emt 0:00:01]} Ne7 {[%emt 0:00:03]} 6. O-O {[%emt 0:00:01]} Nd7 {[%emt 0:00:02]} 7. Nbd2 {[%emt 0:00:01]} h6 {[%emt 0:00:02]} 8. Nb3 {[%emt 0:00:01]} Bh7 {[%emt 0:00:06]} 9. Bd2 {[%emt 0:00:02]} Ng6 {[%emt 0:00:29]} 10. g3 {[%emt 0:00:02]} Be7 {[%emt 0:00:30]} 11. h4 {[%emt 0:00:02]} O-O {[%emt 0:00:02]} 12. h5 {[%emt 0:00:03]} Nh8 {[%emt 0:00:02]} 13. Bd3 {[%emt 0:00:07]} Bxd3 {[%emt 0:00:19]} 14. cxd3 {[%emt 0:00:01]} f6 {[%emt 0:00:10]} 15. exf6 {[%emt 0:01:30]} Rxf6 {[%emt 0:01:33]} 16. Qe2 {[%emt 0:00:21]} Nf7 {[%emt 0:02:10]} 17. Rae1 {[%emt 0:00:36]} Bd6 {[%emt 0:03:48]} 18. Bc3 {[%emt 0:00:03]} Qe7 {[%emt 0:00:06]} 19. Ne5 {[%emt 0:00:17]} Nf8 {[%emt 0:00:46]} 20. f4 {[%emt 0:00:25]} Re8 {[%emt 0:01:08]} 21. Qg4 {[%emt 0:00:48]} Rf5 {[%emt 0:00:28]} 22. Re2 {[%emt 0:00:37]} Nxe5 {[%emt 0:00:36]} 23. dxe5 {[%emt 0:00:16]} Bc5+ {[%emt 0:00:02]} 24. Kg2 {[%emt 0:00:14]} Bb6 {[%emt 0:00:01]} 25. d4 {[%emt 0:01:10]} c5 {[%emt 0:00:30]} 26. dxc5 {[%emt 0:00:22]} Bxc5 {[%emt 0:00:02]} 27. Bd4 {[%emt 0:00:02]} b6 {[%emt 0:00:06]} 28. Rc2 {[%emt 0:00:09]} Nd7 {[%emt 0:00:10]} 29. Rfc1 {[%emt 0:00:30]} Rb8 {[%emt 0:00:37]} 30. Qe2 {[%emt 0:00:09]} Qf7 {[%emt 0:01:22]} 31. Bxc5 {[%emt 0:01:31]} bxc5 {[%emt 0:00:02]} 32. Nxc5 {[%emt 0:00:02]} Nxc5 {[%emt 0:00:02]} 33. Rxc5 {[%emt 0:00:02]} Qxh5 {[%emt 0:00:08]} 34. Rc8+ {[%emt 0:01:27]} Kh7 {[%emt 0:00:07]} 35. Qxh5 {[%emt 0:00:49]} Rxb2+ {[%emt 0:00:04]} 36. R1c2 {[%emt 0:00:09]} Rxc2+ {[%emt 0:00:03]} 37. Rxc2 {[%emt 0:00:01]} Rxh5 {[%emt 0:00:03]} 38. Rc6 {[%emt 0:00:06]} Rf5 {[%emt 0:02:20]} 39. Rxe6 {[%emt 0:00:02]} Rf7 {[%emt 0:00:01]} 40. Rd6 {[%emt 0:01:55]} Rb7 {[%emt 0:00:15]} 41. Rxd5 {[%emt 0:00:02]} Kg6 {[%emt 0:02:11]} 42. Kf3 {[%emt 0:00:04]} h5 {[%emt 0:00:02]} 43. Ke4 {[%emt 0:00:21]} Rb2 {[%emt 0:00:47]} 44. Rd6+ {[%emt 0:00:04]} Kf7 {[%emt 0:00:02]} 45. Rd7+ {[%emt 0:00:02]} Ke6 {[%emt 0:00:01]} 46. Rxa7 {[%emt 0:01:13]} Rb4+ {[%emt 0:00:26]} 47. Kf3 {[%emt 0:00:01]} g5 {[%emt 0:00:33]} 48. Ra6+ {[%emt 0:00:02]} Kd5 {[%emt 0:00:06]} 49. Rd6+ {[%emt 0:00:01]} Kc5 {[%emt 0:00:01]} 50. fxg5 {[%emt 0:00:02]} Ra4 {[%emt 0:00:26]} 51. g6 {[%emt 0:00:12]} Rg4 {[%emt 0:00:09]} 52. a3 {[%emt 0:01:18]} Ra4 {[%emt 0:00:08]} 53. g7 {[%emt 0:00:23]} Rg4 {[%emt 0:00:04]} 54. Rd7 {[%emt 0:00:02] Kd5 Ke4+} 1-0

[Event "EIRCC 2019"]
[Site "Tallinn"]
[Date "2019.12.06"]
[Round "11.11"]
[White "Seeman, Tarvo"]
[Black "Belyakov, Bogdan"]
[Result "1/2-1/2"]
[WhiteElo "2325"]
[BlackElo "2520"]
[Annotator "ChessBase"]
[PlyCount "38"]
[EventDate "2019.12.05"]
[EventType "swiss"]
[EventCountry "EST"]
[SourceTitle "playchess.com"]
[Source "ChessBase"]
[SourceQuality "1"]
[TimeControl "900+10"]

1. Nf3 {[%emt 0:00:00]} Nf6 {[%emt 0:00:36]} 2. g3 {[%emt 0:00:00]} g6 {[%emt 0:00:02]} 3. Bg2 {[%emt 0:00:00]} Bg7 {[%emt 0:00:02]} 4. O-O {[%emt 0:00:09]} O-O {[%emt 0:00:03]} 5. c4 {[%emt 0:00:12]} d6 {[%emt 0:00:07]} 6. Nc3 {[%emt 0:00:23]} Nc6 {[%emt 0:00:05]} 7. d3 {[%emt 0:00:43]} a6 {[%emt 0:01:06]} 8. Bd2 {[%emt 0:01:40]} Rb8 {[%emt 0:00:04]} 9. Rc1 {[%emt 0:00:17]} Bd7 {[%emt 0:00:07]} 10. Nd5 {[%emt 0:00:58]} e6 {[%emt 0:01:05]} 11. Nxf6+ {[%emt 0:00:04]} Qxf6 {[%emt 0:00:40]} 12. b4 {[%emt 0:00:42]} b5 {[%emt 0:02:34]} 13. cxb5 {[%emt 0:05:24]} axb5 {[%emt 0:00:12]} 14. a4 {[%emt 0:00:26]} bxa4 {[%emt 0:01:16]} 15. Qxa4 {[%emt 0:00:05]} Rb6 {[%emt 0:02:56]} 16. b5 {[%emt 0:00:52]} Nd4 {[%emt 0:02:01]} 17. Qxd4 {[%emt 0:01:11]} Qxd4 {[%emt 0:00:04]} 18. Nxd4 {[%emt 0:00:02]} Bxd4 {[%emt 0:00:01]} 19. Rxc7 {[%emt 0:00:04]} Bxb5 {[%emt 0:00:13]} 1/2-1/2

[Event "EIRCC 2019"]
[Site "Tallinn"]
[Date "2019.12.06"]
[Round "11.12"]
[White "Potapov, Pavel"]
[Black "Dordzhieva, Dinara"]
[Result "1/2-1/2"]
[WhiteElo "2482"]
[BlackElo "2310"]
[Annotator "ChessBase"]
[PlyCount "52"]
[EventDate "2019.12.05"]
[EventType "swiss"]
[EventCountry "EST"]
[SourceTitle "playchess.com"]
[Source "ChessBase"]
[SourceQuality "1"]
[TimeControl "900+10"]

1. e4 {[%emt 0:00:00]} c5 {[%emt 0:00:00]} 2. c3 {[%emt 0:00:00]} d5 {[%emt 0:00:00]} 3. exd5 {[%emt 0:00:00]} Qxd5 {[%emt 0:00:00]} 4. d4 {[%emt 0:00:00]} Nf6 {[%emt 0:00:01]} 5. Nf3 {[%emt 0:00:00]} Nc6 {[%emt 0:00:21]} 6. Be3 {[%emt 0:00:08]} cxd4 {[%emt 0:00:11]} 7. cxd4 {[%emt 0:00:02]} e6 {[%emt 0:00:35]} 8. Nc3 {[%emt 0:00:03]} Qd6 {[%emt 0:01:31]} 9. Bd3 {[%emt 0:00:03]} Be7 {[%emt 0:00:03]} 10. O-O {[%emt 0:00:02]} O-O {[%emt 0:00:03]} 11. a3 {[%emt 0:00:02]} b6 {[%emt 0:00:33]} 12. Re1 {[%emt 0:00:10]} Bb7 {[%emt 0:00:15]} 13. Bc2 {[%emt 0:00:16]} Rfe8 {[%emt 0:00:41]} 14. Qd3 {[%emt 0:00:16]} g6 {[%emt 0:00:02]} 15. Rad1 {[%emt 0:00:22]} Rad8 {[%emt 0:00:33]} 16. Bg5 {[%emt 0:00:56]} Nd5 {[%emt 0:01:02]} 17. Ne4 {[%emt 0:01:40]} Qc7 {[%emt 0:00:02]} 18. Ba4 {[%emt 0:01:15]} Bxg5 {[%emt 0:02:18]} 19. Nexg5 {[%emt 0:01:48]} Qe7 {[%emt 0:01:52]} 20. h4 {[%emt 0:00:51]} Rf8 {[%emt 0:01:42]} 21. h5 {[%emt 0:04:08]} Qf6 {[%emt 0:00:41]} 22. hxg6 {[%emt 0:03:02]} hxg6 {[%emt 0:00:02]} 23. Qe4 {[%emt 0:00:19]} Qf4 {[%emt 0:01:26]} 24. Rc1 {[%emt 0:01:57]} Qxe4 {[%emt 0:00:48]} 25. Nxe4 {[%emt 0:00:02]} Nce7 {[%emt 0:00:20]} 26. Ne5 {[%emt 0:00:24]} Kg7 {[%emt 0:00:04]} 1/2-1/2

[Event "EIRCC 2019"]
[Site "Tallinn"]
[Date "2019.12.06"]
[Round "11.13"]
[White "Postny, Evgeny"]
[Black "Shubin, Kirill"]
[Result "1-0"]
[WhiteElo "2598"]
[BlackElo "2321"]
[Annotator "ChessBase"]
[PlyCount "81"]
[EventDate "2019.12.05"]
[EventType "swiss"]
[EventCountry "EST"]
[SourceTitle "playchess.com"]
[Source "ChessBase"]
[SourceQuality "1"]
[TimeControl "900+10"]

1. d4 {[%emt 0:00:23]} e6 {[%emt 0:00:00]} 2. c4 {[%emt 0:00:01]} Nf6 {[%emt 0:00:00]} 3. Nf3 {[%emt 0:00:02]} c5 {[%emt 0:00:00]} 4. d5 {[%emt 0:00:03]} d6 {[%emt 0:00:00]} 5. Nc3 {[%emt 0:00:02]} exd5 {[%emt 0:00:02]} 6. cxd5 {[%emt 0:00:02]} g6 {[%emt 0:00:02]} 7. Bf4 {[%emt 0:00:03]} a6 {[%emt 0:00:15]} 8. a4 {[%emt 0:00:02]} Bg7 {[%emt 0:00:06]} 9. h3 {[%emt 0:00:03]} Qe7 {[%emt 0:00:02]} 10. e3 {[%emt 0:00:02]} O-O {[%emt 0:00:04]} 11. Be2 {[%emt 0:00:03]} Nbd7 {[%emt 0:00:11]} 12. O-O {[%emt 0:00:04]} Ne8 {[%emt 0:00:27]} 13. Re1 {[%emt 0:00:34]} Rb8 {[%emt 0:00:33]} 14. Nd2 {[%emt 0:00:37]} f5 {[%emt 0:01:42]} 15. Bf1 {[%emt 0:00:19]} g5 {[%emt 0:01:49]} 16. Bh2 {[%emt 0:00:13]} Qf6 {[%emt 0:01:08]} 17. f4 {[%emt 0:01:11]} h6 {[%emt 0:00:36]} 18. Kh1 {[%emt 0:00:29]} Qg6 {[%emt 0:02:03]} 19. Nc4 {[%emt 0:01:38]} Ndf6 {[%emt 0:01:41]} 20. Bd3 {[%emt 0:02:41]} g4 {[%emt 0:00:19]} 21. Qc2 {[%emt 0:02:26]} b5 {[%emt 0:01:28]} 22. axb5 {[%emt 0:00:02]} axb5 {[%emt 0:00:01]} 23. Na5 {[%emt 0:00:03]} c4 {[%emt 0:00:25]} 24. Bf1 {[%emt 0:00:26]} b4 {[%emt 0:00:47]} 25. Nc6 {[%emt 0:00:11]} Rb7 {[%emt 0:00:01]} 26. Nd1 {[%emt 0:02:06]} Ne4 {[%emt 0:00:05]} 27. Bxc4 {[%emt 0:00:40]} gxh3 {[%emt 0:01:18]} 28. Ba6 {[%emt 0:00:38]} b3 {[%emt 0:00:26]} 29. Qe2 {[%emt 0:00:22]} Ng3+ {[%emt 0:00:50]} 30. Bxg3 {[%emt 0:00:02]} Qxg3 {[%emt 0:00:02]} 31. Qf2 {[%emt 0:02:12]} Qg4 {[%emt 0:00:45]} 32. Bxb7 {[%emt 0:00:06]} Bxb7 {[%emt 0:00:00]} 33. Ne7+ {[%emt 0:01:08]} Kh7 {[%emt 0:00:14]} 34. Ra7 {[%emt 0:00:02]} Nf6 {[%emt 0:00:11]} 35. gxh3 {[%emt 0:01:04]} Qxh3+ {[%emt 0:00:15]} 36. Qh2 {[%emt 0:00:02]} Qf3+ {[%emt 0:00:36]} 37. Qg2 {[%emt 0:00:02]} Qh5+ {[%emt 0:01:26]} 38. Kg1 {[%emt 0:00:02]} Rb8 {[%emt 0:00:12]} 39. Nc6 {[%emt 0:00:17]} Qh4 {[%emt 0:00:40]} 40. Nf2 {[%emt 0:00:22]} Nxd5 {[%emt 0:00:29]} 41. Qxd5 {[%emt 0:00:16]} 1-0

[Event "EIRCC 2019"]
[Site "Tallinn"]
[Date "2019.12.06"]
[Round "11.14"]
[White "Blohberger, Felix"]
[Black "Popov, Valerij"]
[Result "1/2-1/2"]
[WhiteElo "2316"]
[BlackElo "2583"]
[Annotator "ChessBase"]
[PlyCount "104"]
[EventDate "2019.12.05"]
[EventType "swiss"]
[EventCountry "EST"]
[SourceTitle "playchess.com"]
[Source "ChessBase"]
[SourceQuality "1"]
[TimeControl "900+10"]

1. d4 {[%emt 0:00:00]} d5 {[%emt 0:00:00]} 2. c4 {[%emt 0:00:00]} e6 {[%emt 0:00:00]} 3. Nc3 {[%emt 0:00:00]} Bb4 {[%emt 0:00:03]} 4. a3 {[%emt 0:00:01]} Bxc3+ {[%emt 0:00:03]} 5. bxc3 {[%emt 0:00:01]} c5 {[%emt 0:00:01]} 6. e3 {[%emt 0:00:07]} Nc6 {[%emt 0:00:03]} 7. Bd3 {[%emt 0:00:07]} dxc4 {[%emt 0:01:09]} 8. Bxc4 {[%emt 0:00:02]} Nf6 {[%emt 0:00:01]} 9. Ne2 {[%emt 0:00:05]} O-O {[%emt 0:00:39]} 10. O-O {[%emt 0:00:02]} e5 {[%emt 0:01:22]} 11. Bb2 {[%emt 0:00:15]} Qb6 {[%emt 0:02:02]} 12. Qb3 {[%emt 0:01:51]} Qc7 {[%emt 0:00:06]} 13. Qa4 {[%emt 0:01:56]} Bd7 {[%emt 0:00:15]} 14. Qc2 {[%emt 0:05:03]} Rac8 {[%emt 0:00:26]} 15. d5 {[%emt 0:00:39]} Na5 {[%emt 0:00:08]} 16. Ba2 {[%emt 0:00:02]} c4 {[%emt 0:00:31]} 17. e4 {[%emt 0:00:10]} Nb3 {[%emt 0:00:44]} 18. Rab1 {[%emt 0:01:48]} Ba4 {[%emt 0:00:43]} 19. Ng3 {[%emt 0:00:58]} Nc5 {[%emt 0:01:53]} 20. Qe2 {[%emt 0:00:02]} b5 {[%emt 0:00:11]} 21. Bc1 {[%emt 0:01:49]} h6 {[%emt 0:02:05]} 22. f3 {[%emt 0:01:43]} Nd3 {[%emt 0:02:15]} 23. Be3 {[%emt 0:00:45]} a6 {[%emt 0:01:08]} 24. Qd2 {[%emt 0:00:17]} Ne8 {[%emt 0:01:20]} 25. Kh1 {[%emt 0:00:24]} f6 {[%emt 0:00:58]} 26. Nf5 {[%emt 0:00:37]} Nd6 {[%emt 0:00:06]} 27. Nxd6 {[%emt 0:00:12]} Qxd6 {[%emt 0:00:01]} 28. Ra1 {[%emt 0:00:03]} Nc5 {[%emt 0:00:42]} 29. Bxc5 {[%emt 0:00:02]} Qxc5 {[%emt 0:00:27]} 30. Bb1 {[%emt 0:00:01]} a5 {[%emt 0:00:04]} 31. Bc2 {[%emt 0:00:07]} Bb3 {[%emt 0:00:23]} 32. Bd1 {[%emt 0:00:09]} Rb8 {[%emt 0:00:08]} 33. Qb2 {[%emt 0:00:25]} Bxd1 {[%emt 0:00:14]} 34. Rfxd1 {[%emt 0:00:02]} Rb6 {[%emt 0:00:07]} 35. Qe2 {[%emt 0:00:24]} Rc8 {[%emt 0:00:09]} 36. Rdc1 {[%emt 0:00:14]} g6 {[%emt 0:00:13]} 37. h3 {[%emt 0:00:02]} Kg7 {[%emt 0:00:02]} 38. Rc2 {[%emt 0:00:03]} h5 {[%emt 0:00:04]} 39. Qf2 {[%emt 0:00:12]} Qd6 {[%emt 0:00:11]} 40. Qe3 {[%emt 0:00:04]} h4 {[%emt 0:00:04]} 41. Qf2 {[%emt 0:00:03]} g5 {[%emt 0:00:01]} 42. Qe3 {[%emt 0:00:02]} Rb7 {[%emt 0:00:02]} 43. Qf2 {[%emt 0:00:08]} Kf7 {[%emt 0:00:02]} 44. Qe3 {[%emt 0:00:03]} Ke7 {[%emt 0:00:00]} 45. Rb2 {[%emt 0:00:15]} Qb6 {[%emt 0:00:11]} 46. Qxb6 {[%emt 0:00:13]} Rxb6 {[%emt 0:00:00]} 47. Rab1 {[%emt 0:00:02]} Rcb8 {[%emt 0:00:01]} 48. Kg1 {[%emt 0:00:01]} Kd6 {[%emt 0:00:00]} 49. Kf2 {[%emt 0:00:03]} Kc5 {[%emt 0:00:01]} 50. Ke3 {[%emt 0:00:05]} Rf8 {[%emt 0:00:13]} 51. Rd2 {[%emt 0:00:26]} Rd6 {[%emt 0:00:09]} 52. Rdb2 {[%emt 0:00:05]} Rb8 {[%emt 0:00:11]} 1/2-1/2